000 00434cam a2200181ua 4500
001 2016
008 110806n ii |||gr||||Z||||||eng
040 _cMAIN
082 _a370.1
100 1 _aDas, Lakshahira,
_eAuthor.
245 1 _aPrinciples of education
_cby Lakshahira Das
250 _a1st.
260 _a[s.l]:
_b[s.n].
300 _aiii; 407p.:9cm.
653 _aEducation
653 _aprinciples of education
942 _cBK
999 _c1888
_d1888